Statistics for Guess the song (kpop)

Click here to take the quiz!

General Stats

  • This quiz has been taken 168 times
  • The average score is 5 of 15

Answer Stats

HintAnswer% Correct
save meBTS
89%
cherry bombNCT 127
87%
lullabyGOT7
76%
hushMiss A
51%
xoxoEXO
47%
boomerangWANNA ONE
47%
um oh ah yehMamamoo
36%
11:11taeyeon
27%
moonwalkerSeventeen
21%
heart attackChuu
19%
time to loveRed Velvet
16%
how's thisHyunA
14%
like the sunDay6
6%
summer dreamElris
4%
liarCLC
2%

Score Distribution

Percentile by Number Answered

Percent of People with Each Score

Your Score History

You have not taken this quiz